| 000 | 00458nam a2200181Ia 4500 | ||
|---|---|---|---|
| 001 | 3842 | ||
| 005 | 20260306145713.0 | ||
| 008 | 260306t2002||||xx |||||||||||||| ||spa|| | ||
| 041 | _aESP | ||
| 082 |
_a303.625 _bL88 |
||
| 100 |
_aLópez Roa, Angel Luis [coord.] _eAUT |
||
| 245 | 0 |
_aLa crisis del 11 de septiembre: _b¿qué cambiará? |
|
| 260 | _c2002 | ||
| 300 |
_a334 páginas : _c24 cm. |
||
| 650 | _aGEN | ||
| 654 | _aCHU | ||
| 942 |
_cLIB _dJUS _fJUS _2ddc _n |
||
| 999 |
_c3842 _d3842 |
||